000 00650nam a2200229Ia 4500
005 20250508170239.0
008 008 250505s9999 xx 000 0 eng d
020 _a978-1-5443-5559-7
037 _aReference
040 _aFEDL
_beng
_cFEDL
041 _aeng
_2eng
084 _a153.4, JEN/RR
_qFEDL
100 _aJensen Eric
245 0 _aBrain- based learning: Teaching the way students really learn
250 _a3
260 _aThousand Oaks, Calfornia
_bSage
_c2020
300 _axvi, 222p.
365 _aUSD
_b40.95
700 _a McConchie Liesl
_9783608
942 _cREF
_h153.4, JEN/RR
999 _c1400006
_d1400006